[Event "24th ECC"]
[Site "Kallithea GRE"]
[Date "2008.10.22"]
[Round "6"]
[White "Bezold,M"]
[Black "Silva,Seb"]
[Result "1/2-1/2"]
[WhiteElo "2513"]
[BlackElo "2369"]

1.e4 c5 2.Nf3 Nc6 3.Bb5 e5 4.O-O Nge7 5.c3 g6 6.d4 cxd4 7.cxd4 exd4 8.Nxd4 Bg7
9.Be3 O-O 10.Nc3 d5 11.Bxc6 bxc6 12.exd5 Nxd5 13.Nxd5 Qxd5 14.Rc1 Qxa2 15.Nxc6 Qxb2
16.Ne7+ Kh8 17.Nxc8 Rfxc8 18.Rxc8+ Rxc8 19.Qd7 Qc3 20.Qxf7 Qc7 21.Qe6 Qc6
22.Qxc6 Rxc6 23.Bxa7 Ra6 24.Be3 Ra1 25.Rxa1 Bxa1 26.Bh6 Kg8 27.f3 Bd4+ 28.Kf1 Kf7
29.Ke2 Ke6 30.f4 Kd5 31.Kf3 Bc3 32.g4 Ke6 33.Bf8 Bf6 34.Ke4 Bd8 35.Bc5 Kf7
36.Bd4 Be7 37.Be5 Bd8 38.Bd6 Bf6 39.f5 Bg5 40.Be5 Bd8 41.Kf4 Be7 42.h3 Bd8
43.g5 Ba5 44.h4 Be1 45.h5 Bd2+ 46.Kg4 Bc1  1/2-1/2

[Event "WYCC Boys U18"]
[Site "Vung Tau City VIE"]
[Date "2008.10.22"]
[Round "3"]
[White "Delorme,Ax"]
[Black "Saric,Iv"]
[Result "1/2-1/2"]
[WhiteElo "2415"]
[BlackElo "2516"]

1.e4 c5 2.Nf3 Nc6 3.Bb5 g6 4.O-O Bg7 5.Re1 e5 6.b4 cxb4 7.a3 Nge7 8.axb4 O-O
9.Bxc6 dxc6 10.Bb2 Qd6 11.Bc3 h6 12.d3 g5 13.Nbd2 Be6 14.Nc4 Bxc4 15.dxc4 Qe6
16.Nd2 Ng6 17.g3 g4 18.Qe2 h5 19.f3 f5 20.exf5 Qxf5 21.fxg4 hxg4 22.Ne4 Qh5
23.Nd2 Bh6 24.Rf1 Bxd2 25.Rxf8+ Rxf8 26.Qxd2 Qf5 27.Qe2 a6 28.Rf1 Qxf1+ 29.Qxf1 Rxf1+
30.Kxf1 Kf7 31.Kg2 Ke6 32.h4 gxh3+ 33.Kxh3 Kf5 34.Bd2 e4 35.g4+ Ke5 36.Be3 b5
37.cxb5 cxb5 38.Kg3 Ne7 39.c3 Nd5 40.Bd4+ Ke6 41.Kf2 Kf7 42.Kg3 Kg6 43.Kf2 Kh6
44.Be3+ Kg7 45.Bd4+ Kg6 46.Kg2 Kg5  1/2-1/2

[Event "WYCC Boys U18"]
[Site "Vung Tau City VIE"]
[Date "2008.10.22"]
[Round "4"]
[White "Parry,M"]
[Black "Potapov,P"]
[Result "0-1"]
[WhiteElo "2261"]
[BlackElo "2442"]

1.e4 c5 2.Nf3 Nc6 3.Bb5 g6 4.O-O Bg7 5.c3 Nf6 6.Qa4 O-O 7.d4 cxd4 8.cxd4 Nxe4
9.d5 Nc5 10.Qa3 Qb6 11.Nc3 Nd4 12.Nxd4 Bxd4 13.Bh6 Bg7 14.Bxg7 Kxg7 15.b4 Na6
16.Bxa6 Qxa6 17.Qxa6 bxa6 18.d6 Bb7 19.dxe7 Rfe8 20.Rfe1 Rac8 21.Na4 d6 22.Rad1 Rc2
23.Re3 f5 24.f3 Bc6 25.Rxd6 Bxa4 26.Rxa6 Rxa2 27.b5 Ra1+ 28.Kf2 Rf1+ 29.Kg3 Bxb5
30.Rxa7 Rd1 31.Rb7 Bd7 32.Kf4 h6 33.h4 Kf7 34.Rb6 Rd4+ 35.Ke5 Rxh4 36.Kd5 Rh1
37.Rd6 Rd1+ 38.Kc5 Rc8+  0-1

[Event "WYCC Boys U14"]
[Site "Vung Tau City VIE"]
[Date "2008.10.22"]
[Round "4"]
[White "Thanarotrung,R"]
[Black "Calugar,A"]
[Result "0-1"]
[WhiteElo "1787"]
[BlackElo "2044"]

1.e4 c5 2.Nf3 Nc6 3.Bb5 g6 4.O-O Bg7 5.c3 Nf6 6.Re1 O-O 7.h3 Ne8 8.d4 cxd4
9.cxd4 Nc7 10.Bc4 d5 11.exd5 Nxd5 12.Ne5 Nb6 13.Nxc6 bxc6 14.Bb3 Bxd4 15.Qf3 Nd5
16.Nc3 Be6 17.Bh6 Re8 18.Rad1 Bxc3 19.bxc3 Qc7 20.c4 Nf6 21.g4 c5 22.g5 Nh5
23.Ba4 Red8 24.Rxd8+ Rxd8 25.Rd1 Bxc4 26.Rxd8+ Qxd8 27.Qc3 Qd4 28.Qe1 Nf4
29.Qxe7 Nxh3+ 30.Kh1 Bd5+ 31.Kh2 Qxf2+  0-1

[Event "24th ECC"]
[Site "Kallithea GRE"]
[Date "2008.10.23"]
[Round "7"]
[White "Zvjaginsev,V"]
[Black "Baramidze,D"]
[Result "1/2-1/2"]
[WhiteElo "2646"]
[BlackElo "2557"]

1.e4 c5 2.Nf3 Nc6 3.Bb5 e5 4.O-O Nge7 5.Bc4 Ng6 6.c3 Be7 7.d4 cxd4 8.cxd4 d6
9.d5 Nb8 10.Nc3 O-O 11.Be3 Nh4 12.Nxh4 Bxh4 13.Rc1 Bg5 14.Bxg5 Qxg5 15.Nb5 Qe7
16.Be2 Nd7 17.Qa4 Nc5 18.Qc2 Na6 19.Nc7 Nxc7 20.Qxc7 Bd7 21.Bg4 Rfd8 22.Qxb7 Rab8
23.Qxa7 Ra8 24.Qc7 Rac8 25.Qxd7 Rxd7 26.Rxc8+ Rd8 27.Rfc1 f5 28.Bxf5 Rxc8
29.Rxc8+ Kf7 30.g3 Qa7 31.Bxh7 g6 32.Bg8+ Kg7 33.Be6 Qxa2 34.Rc7+ Kf8 35.Rc8+ Kg7
36.Rc7+ Kh8 37.Rc1 Qxb2 38.Re1 Qd2 39.Re3 Qd1+ 40.Kg2 Kg7 41.h3 Qc2 42.Bg4 Qb1
43.h4 Kh6 44.Bf3 Qb4 45.Re2 Qb1 46.Rd2 Kg7 47.Rd1 Qb2 48.h5 g5 49.Bg4 Kh6
50.Re1 Qb4 51.Re2 Qb1 52.Re3 Qb4 53.Bf5 Qb2 54.Re1 Kg7 55.h6+ Kxh6 56.Rh1+ Kg7
57.Rh7+ Kf8 58.Rh6 Ke7 59.Re6+ Kd7 60.Rxe5+ Kc7 61.Re6 Qd4 62.Rg6 Qd2 63.Rg8 Kb6
64.Rc8 Kb7 65.Rc6 Qb4 66.Rc2 Qd4 67.Rc8 Qd1 68.Rg8 Qd2 69.Rg6 Kc7 70.Bg4 Qd4
71.Bf3 Qe5 72.Re6 Qd4 73.Bg4 Qd2 74.Rg6 Qd4 75.Rxg5 Qxe4+ 76.Bf3 Qe7 77.Rg6 Kb6
78.Re6 Qf8 79.g4 Kc5 80.Kg3 Qg7 81.Be4 Qc3+ 82.Bf3 Qc1 83.Kg2 Qg5 84.Re1 Kd4
85.Rb1 Kd3 86.Rb5 Qg6 87.Kg3 Kd2 88.Rb1 Qg5 89.Rd1+ Kc2 90.Re1 Qg7 91.Re6 Kd2
92.Kg2 Qf8 93.Re2+ Kd3 94.Kg3 Qg7 95.Re3+ Kd2 96.Bg2 Qf6 97.Re6 Qc3+ 98.Bf3 Qg7
99.Be4 Qc3+ 100.Kg2 Qg7 101.Bf5 Qc7 102.Re3 Qf7 103.Rd3+ Ke2 104.Rd4 Qg7
105.Re4+ Kd2 106.Re3 Qf7 107.Kf1 Qg7 108.Rd3+ Kc1 109.Kg2 Qe5 110.Kh3 Qe1
111.Kg3 Qg1+ 112.Kf3 Qh1+ 113.Ke2 Qh6 114.Rd4 Qd2+ 115.Rxd2  1/2-1/2

[Event "24th ECC"]
[Site "Kallithea GRE"]
[Date "2008.10.23"]
[Round "7"]
[White "Georgiev,Kr"]
[Black "Ajvazi,R"]
[Result "1/2-1/2"]
[WhiteElo "2453"]
[BlackElo "2225"]

1.e4 c5 2.Nf3 Nc6 3.Bb5 d6 4.O-O Bd7 5.Re1 a6 6.Bxc6 Bxc6 7.c4 e5 8.Nc3 Nf6
9.d3 Be7 10.Nd2 O-O 11.Nf1 b5  1/2-1/2

[Event "WYCC Boys U18"]
[Site "Vung Tau City VIE"]
[Date "2008.10.23"]
[Round "5"]
[White "Delorme,Ax"]
[Black "Can,E"]
[Result "1/2-1/2"]
[WhiteElo "2415"]
[BlackElo "2464"]

1.e4 c5 2.Nf3 Nc6 3.Bb5 g6 4.O-O Bg7 5.c3 Nf6 6.Re1 O-O 7.h3 a6 8.Bxc6 bxc6
9.d4 cxd4 10.cxd4 d5 11.e5 Ne4 12.Be3 Qb6 13.Qc1 Rb8 14.b3 f6 15.exf6 Bxf6
16.Nc3 Bf5 17.Nxe4 Bxe4 18.Ne5 Rfd8 19.Qxc6 Bxe5 20.Qxb6 Rxb6 21.dxe5 Rc6
22.b4 Bc2 23.Bc5 Kf7 24.Re2 Ba4 25.Rd2 Ke6 26.Rd4 Ra8 27.Re1 Bb5 28.Rh4 h5
29.Re3 a5 30.a3 axb4 31.axb4 Ra2 32.Rd4 Bc4 33.Rg3 Kd7 34.Re3 Ke6 35.Rg3 Kd7
36.Re3 Ke6 37.Rf4 Re2 38.Rf8 Rxe3 39.fxe3 Kxe5 40.Bxe7 d4 41.exd4+ Kxd4 42.Bc5+ Kc3
43.Rf3+ Bd3 44.Bf2 Kc2 45.Kh2 Rd6 46.Bc5 Rd5 47.Re3 Kc3 48.g4 Kc4 49.Kg3 hxg4
50.hxg4  1/2-1/2

[Event "Vasylyshyn Mem"]
[Site "Lviv UKR"]
[Date "2008.10.24"]
[Round "5"]
[White "Papin,V"]
[Black "Oleksienko,M"]
[Result "1/2-1/2"]
[WhiteElo "2455"]
[BlackElo "2585"]

1.e4 c5 2.Nf3 Nc6 3.Bb5 d6 4.O-O Bd7 5.Re1 Nf6 6.c3 a6 7.Ba4 c4 8.Bc2 e5
9.b3 cxb3 10.axb3 Be7 11.h3 O-O 12.Ba3 b5 13.d4 a5 14.Nbd2 Qc7 15.d5 Nb8
16.c4 Na6 17.Nxe5 b4 18.Nxd7 Nxd7 19.Bb2 Nac5 20.Qg4 Bf6 21.Bxf6 Nxf6 22.Qg3 Rfe8
23.f4 Nfd7 24.Kh1 Re7 25.e5 Rae8 26.exd6 Rxe1+ 27.Rxe1 Rxe1+ 28.Qxe1 Qxd6
29.Qe8+ Qf8 30.Qe3 g6 31.Nf3 Qd6 32.Ne5 Qe7 33.Qd4 Qf6 34.Qe3 Qe7 35.Qd4 Qf6
36.Qe3  1/2-1/2

[Event "WYCC Boys U14"]
[Site "Vung Tau City VIE"]
[Date "2008.10.24"]
[Round "6"]
[White "Shen,D"]
[Black "Chua Xing Jian,G"]
[Result "0-1"]
[WhiteElo "2044"]
[BlackElo "2229"]

1.e4 c5 2.Nf3 Nc6 3.Bb5 Nf6 4.Nc3 Qc7 5.O-O Nd4 6.Bc4 a6 7.a4 e6 8.Re1 Ng4
9.g3 Nxf3+ 10.Qxf3 Ne5 11.Qe2 Nxc4 12.Qxc4 d6 13.d4 b6 14.Bf4 Bb7 15.Rad1 Rc8
16.dxc5 bxc5 17.Nb1 Be7 18.Qd3 c4 19.Qc3 O-O 20.g4 Qc6 21.b3 d5 22.exd5 exd5
23.Qf3 Qd7 24.Qg3 cxb3 25.cxb3 d4 26.Rd3 Qd5 27.f3 Bb4 28.Red1 Rfe8 29.Nd2 g5
30.Ne4 Rxe4 31.fxe4 Qxe4 32.Bxg5 Rc2 33.R1d2 Rc1+ 34.Rd1 Qh1+ 35.Kf2 Be1+
36.Ke2 Qe4+ 37.Re3 Rc2+ 38.Kf1 Qh1+  0-1

[Event "WYCC Boys U18"]
[Site "Vung Tau City VIE"]
[Date "2008.10.24"]
[Round "6"]
[White "Parry,M"]
[Black "Schon,E"]
[Result "1-0"]
[WhiteElo "2261"]
[BlackElo "2066"]

1.e4 c5 2.Nf3 Nc6 3.Bb5 Nf6 4.Nc3 g6 5.O-O Bg7 6.Re1 O-O 7.d3 d6 8.Bxc6 bxc6
9.e5 Nd5 10.exd6 exd6 11.Nxd5 cxd5 12.h3 d4 13.Bg5 Bf6 14.Bxf6 Qxf6 15.Nd2 d5
16.Qf3 Qxf3 17.Nxf3 Be6 18.a3 Rfc8 19.b4 cxb4 20.Nxd4 bxa3 21.Rxa3 a5 22.Rea1 Rc5
23.R1a2 Kf8 24.Kf1 Ke7 25.Ke1 Kd6 26.Nb3 d4 27.Nxc5 Bxa2 28.Ne4+ Ke5 29.Rxa2 h6
30.Nc5 Kd5 31.Nd7 Ra6 32.Ra4 f5 33.f4  1-0

[Event "12th Corsica Masters"]
[Site "Bastia/Ajaccio FRA"]
[Date "2008.10.25"]
[Round "3"]
[White "Orndahl,Mar"]
[Black "Hamdouchi,H"]
[Result "0-1"]
[WhiteElo "2195"]
[BlackElo "2598"]

1.e4 c5 2.Nf3 Nc6 3.Bb5 e6 4.Bxc6 bxc6 5.Nc3 Ne7 6.d3 Ng6 7.O-O e5 8.Ne2 d6
9.h3 f5 10.exf5 Bxf5 11.Ng3 Qd7 12.Nh2 Be7 13.Qh5 O-O 14.Bd2 Be6 15.Rae1 Nf4
16.Qd1 Rf7 17.Ne2 Ng6 18.f4 Bh4 19.g3 Bxh3 20.gxh4 Bxf1 21.Rxf1 Raf8 22.h5 Nh4
23.Qe1 Qh3 24.Qg3 Qxg3+ 25.Nxg3 exf4 26.Ne4 d5 27.Nxc5 Re8 28.Nf3 Nxf3+ 29.Rxf3 Re2
30.Nb3 Rf5 31.Rf2 Rxf2 32.Kxf2 Rxh5 33.Bxf4 Rf5 34.Kg3 g5 35.Be3 h5 36.Bxa7 h4+
37.Kg4 Rf4+ 38.Kxg5 h3 39.Bb8 h2 40.Bxf4 h1=Q 41.Kf5 Qb1 42.Nd4 c5 43.Ne6 Qxc2
44.Ke5 d4 45.b4 Qe2+ 46.Kd5 Qxa2+ 47.Kxc5 Qxe6 48.Kxd4 Qb6+ 49.Kc4 Qc6+ 50.Kd4 Kf7
51.Bc1  0-1

[Event "Grand Prix CCAS"]
[Site "Cap D'Agde FRA"]
[Date "2008.10.25"]
[Round "1"]
[White "Tisseyre,Y"]
[Black "Collas,D"]
[Result "0-1"]
[WhiteElo "2124"]
[BlackElo "2451"]

1.e4 c5 2.Nf3 Nc6 3.Bb5 Nf6 4.Nc3 g6 5.e5 Ng4 6.Bxc6 dxc6 7.h3 Nh6 8.d3 Nf5
9.O-O Bg7 10.Bf4 Nd4 11.Re1 O-O 12.Ne4 b6 13.c3 Ne6 14.Bg3 Ba6 15.d4 cxd4
16.cxd4 Qd7 17.Qa4 Bb5 18.Qb4 a5 19.Qc3 a4 20.Qb4 Rfd8 21.Rad1 Nc7 22.Nc3 Nd5
23.Nxd5 Qxd5 24.e6 fxe6 25.b3 axb3 26.axb3 Rd7 27.h4 Ra2 28.Ne5 Rda7 29.Nc4 Rb7
30.Ne5 Bf6 31.Re3 Rba7 32.Rde1 Ra1 33.Kh2 Rxe1 34.Rxe1 Ra2 35.Re3 Kg7 36.Nf3 Re2
37.Be5 Kf7 38.Ng5+ Bxg5 39.Rf3+ Qxf3 40.gxf3 Bxh4 41.Bg3 Bf6 42.Kg2 h5 43.Bf4 Ra2
44.Be3 g5 45.Qe1 Rc2 46.Qd1 Rc3 47.f4 g4 48.Qh1 Kg6 49.f5+ exf5 50.Qh2 Bd3
51.Qf4 Be4+ 52.Kh2 h4 53.Qh6+ Kf7 54.Qh7+ Ke6 55.Qg8+ Kd7 56.b4 Rd3  0-1

[Event "Grand Prix CCAS"]
[Site "Cap D'Agde FRA"]
[Date "2008.10.25"]
[Round "1"]
[White "Libiszewski,F"]
[Black "Lecoq,J"]
[Result "1-0"]
[WhiteElo "2487"]
[BlackElo "2130"]

1.e4 c5 2.Nf3 Nc6 3.Bb5 g6 4.O-O Bg7 5.Re1 Nf6 6.e5 Nd5 7.Nc3 Nc7 8.Bxc6 dxc6
9.Ne4 Ne6 10.d3 O-O 11.Be3 b6 12.Qd2 Nd4 13.Nxd4 cxd4 14.Bh6 Be6 15.Ng3 Bd5
16.Re2 Qd7 17.Rae1 Rae8 18.h4 f6 19.h5 fxe5 20.Bxg7 Kxg7 21.Rxe5 e6 22.hxg6 hxg6
23.Qg5 Qf7 24.f3 Kg8 25.Qg4 Qg7 26.Qxd4  1-0

[Event "Vasylyshyn Mem"]
[Site "Lviv UKR"]
[Date "2008.10.25"]
[Round "7"]
[White "Geller,J"]
[Black "Grekh,A"]
[Result "1-0"]
[WhiteElo "2511"]
[BlackElo "2391"]

1.e4 c5 2.Nf3 Nc6 3.Bb5 g6 4.Bxc6 dxc6 5.d3 Bg7 6.h3 Nf6 7.Nc3 b6 8.Be3 e5
9.Qd2 Qd6 10.Bh6 O-O 11.g4 b5 12.O-O-O a5 13.Nh4 Re8 14.Bxg7 Kxg7 15.Rhg1 Kh8
16.f4 exf4 17.Nf3 Nd7 18.Ne2 b4 19.Qxf4 Qxf4+ 20.Nxf4 c4 21.Rge1 cxd3 22.Nxd3 Kg7
23.Nd4 c5 24.Nb5 Rb8 25.Nd6 Re7 26.b3 Ba6 27.Nf4 Nb6 28.e5 Bb7 29.e6 f6 30.Nc4 Nxc4
31.bxc4 Rbe8 32.Rd6 Bc8 33.Rc6 g5 34.Nd5 Ra7 35.e7  1-0

[Event "Open A"]
[Site "Le Touquet FRA"]
[Date "2008.10.26"]
[Round "2"]
[White "Quillan,G"]
[Black "Renard,S"]
[Result "1-0"]
[WhiteElo "2329"]
[BlackElo "1939"]

1.e4 c5 2.Nf3 Nc6 3.Bb5 g6 4.Bxc6 dxc6 5.d3 Bg7 6.h3 Nf6 7.Nc3 Nd7 8.Be3 e5
9.Qd2 h6 10.O-O Qe7 11.Nh2 Nf8 12.f4 exf4 13.Bxf4 Ne6 14.Be3 Nd4 15.Rae1 Bd7
16.Nd1 O-O-O 17.c3 Ne6 18.Nf3 Qd6 19.e5 Bxe5 20.Nxe5 Qxe5 21.Bf4 Qh5 22.Bh2 f5
23.Rxe6 Bxe6 24.Qf4  1-0

[Event "WYCC Boys U16"]
[Site "Vung Tau City VIE"]
[Date "2008.10.26"]
[Round "7"]
[White "Nguyen Van Thanh"]
[Black "Kanarek,M"]
[Result "1/2-1/2"]
[WhiteElo "2200"]
[BlackElo "2458"]

1.e4 c5 2.Nf3 Nc6 3.Bb5 e6 4.Bxc6 bxc6 5.e5 f6 6.b3 fxe5 7.Nxe5 Nf6 8.Bb2 d6
9.Ng4 Be7 10.O-O O-O 11.d3 Nxg4 12.Qxg4 Bf6 13.Bxf6 Qxf6 14.Nd2 e5 15.Qa4 Bd7
16.Qa5 Qd8 17.Qxd8 Raxd8 18.a3 Be6 19.b4 cxb4 20.axb4 Rb8 21.Rxa7 Rxb4 22.Re7 Bf5
23.Nc4 Rf6 24.Ra1 h5 25.h3 e4 26.Raa7 Rg6 27.dxe4 Bxh3 28.Ne3 d5 29.Re8+ Kh7
30.Raa8 Rg5 31.f4 d4 32.fxg5 dxe3 33.Ra1 Bg4 34.Re1 e2 35.Kf2 Rc4 36.Ke3 Rxc2
37.e5 Rc5 38.Kf4 Kg6 39.Rd8 Rc4+ 40.Ke3 Kxg5 41.Kd3 Ra4 42.Rd6 c5 43.Rc6 Kf4
44.Rxc5 Ra3+ 45.Kd2 Ra2+ 46.Rc2 Rxc2+ 47.Kxc2 Kxe5 48.Kd2 Kf4 49.Ra1 Kg3
50.Ke1 h4 51.Ra7 g6 52.Ra6 Bh5 53.Ra4 Bg4 54.Ra6 Bh5 55.Ra4 Kxg2 56.Rxh4 Bf3
57.Rh7 g5 58.Rg7 g4 59.Rg8 Kg3 60.Rg7 Kg2 61.Rg8 g3 62.Rf8 Bg4 63.Rg8 Kf3
64.Rf8+ Ke4 65.Rg8 Kf4 66.Rf8+ Kg5 67.Rg8+ Kh4 68.Re8 Bh5 69.Re7 Kh3 70.Rg7 Kh4
71.Re7 Bf3 72.Rh7+ Kg4 73.Rg7+ Kh3 74.Rh7+ Kg2 75.Rg7 Bh5 76.Rh7 Bg4 77.Rg7 Kf3
78.Rf7+ Ke4 79.Re7+ Kf5 80.Re8 Bh5 81.Rf8+ Ke4 82.Rg8 Kf4 83.Rf8+ Kg5 84.Rg8+ Kh4
85.Rg7 Kh3 86.Re7 g2 87.Kf2 Kh2 88.Rg7 e1=Q+ 89.Kxe1 g1=Q+ 90.Rxg1 Kxg1  1/2-1/2

[Event "Grand Prix CCAS"]
[Site "Cap D'Agde FRA"]
[Date "2008.10.27"]
[Round "3"]
[White "Philippe,C"]
[Black "Guichard,P"]
[Result "0-1"]
[WhiteElo "2458"]
[BlackElo "2277"]

1.e4 c5 2.Nf3 Nc6 3.Bb5 g6 4.O-O Bg7 5.c3 Nf6 6.Re1 O-O 7.h3 e5 8.a3 Re8
9.d3 Qc7 10.Be3 b6 11.b4 d6 12.Nbd2 Bb7 13.Rc1 Rad8 14.Qc2 Qe7 15.Qa2 a6
16.Bc4 Rc8 17.b5 axb5 18.Bxb5 Red8 19.Rb1 Qc7 20.Rb2 Na7 21.Bc4 b5 22.Bb3 Ra8
23.Qb1 Nc6 24.Ra2 Ra5 25.a4 bxa4 26.Rxa4 Rxa4 27.Bxa4 Rb8 28.Qc2 Nd8 29.Rb1 Ba6
30.Bb3 Bc8 31.Ra1 Be6 32.Bxe6 Nxe6 33.Nc4 Bf8 34.g3 Qb7 35.Nfd2 Qc7 36.Nf3 Qb7
37.Kh2 Nd7 38.Nfd2 Nf6 39.f3 Qc7 40.Bf2 Bh6 41.Kg2 Qd7 42.Ra6 Nh5 43.g4 Nhf4+
44.Kh2 Bf8 45.Rb6 Ra8 46.Qb1 Qd8 47.Rb7 Qg5 48.h4 Qh6 49.Rd7 Ne2 50.Qb2 Qf4+
51.Kg2 Qf6 52.Ne3 N6f4+ 53.Kf1 Qe6 54.Nd5 Nxd5 55.exd5 Qxd7 56.Kxe2 f5 57.g5 Ra7
58.c4 Qb7 59.Qxb7 Rxb7 60.Kd1 h6 61.Be3 hxg5 62.hxg5 Rh7 63.f4 exf4 64.Bxf4 Rh4
65.Be3 Be7 66.Nf3 Rg4 67.Ke2 Rg2+ 68.Kf1 Rc2 69.Nd2 Kf7 70.Ke2 Bd8 71.Kf3 Ba5
72.Nf1 Bc3 73.Ng3 Be5 74.Ne2 Ra2 75.Nf4 Bxf4 76.Bxf4 Ke7 77.Ke3 Kd7 78.Kf3 Ra1
79.Ke2 Rg1 80.Kf2 Rg4 81.Kf3 Kc7 82.Be3 Kb6 83.Bd2 Rd4 84.Ke2 Rh4 85.Bc3 Rh2+
86.Kf3 Rh3+ 87.Ke2 Rg3 88.Bf6 Kc7 89.Be7 Kd7 90.Bf6 f4 91.d4 cxd4 92.Bxd4 Rxg5
93.Kf3 Rf5 94.Bf2 Rf8 95.c5 dxc5 96.Bxc5 Rf5 97.Ke4 f3 98.Bf2 Rf8 99.Ke3 g5
100.Bg3 g4 101.Bf2 Kd6 102.Ke4 Re8+ 103.Kf5 Rg8 104.Ke4 g3  0-1

[Event "WYCC Boys U14"]
[Site "Vung Tau City VIE"]
[Date "2008.10.27"]
[Round "8"]
[White "Van Kampen,R"]
[Black "Calugar,A"]
[Result "1-0"]
[WhiteElo "2307"]
[BlackElo "2044"]

1.e4 c5 2.Nf3 Nc6 3.Bb5 g6 4.O-O Bg7 5.Re1 e5 6.b4 cxb4 7.a3 Qb6 8.Bxc6 bxc6
9.axb4 d6 10.Na3 Ne7 11.Nc4 Qc7 12.d4 Be6 13.Qd3 O-O 14.dxe5 dxe5 15.Be3 Rfd8
16.Qe2 h6 17.Ra5 f6 18.h3 Nc8 19.Rea1 Qb7 20.Bc5 Qf7 21.Ncd2 Rd7 22.Qe3 f5
23.Qc3 fxe4 24.Nxe4 Rd5 25.Be3 Bf5 26.Nfd2 Qb7 27.Qb3 Qf7 28.Ra6 Bxe4 29.Nxe4 Rb5
30.Qxf7+ Kxf7 31.Rxc6 Bf8 32.c3 Rb7 33.Rf6+ Kg7 34.Bxh6+ Kxh6 35.Rxf8 Nb6
36.Rxa8 Nxa8 37.Nd6 Rb6 38.Rxa7 Rxd6 39.Rxa8 Rd1+ 40.Kh2 Rc1 41.Rc8 Kg7 42.b5 Kf7
43.c4 Rb1 44.Rc6 Rb2 45.f3 g5 46.b6 Ke7 47.c5 Kd7 48.Rc7+ Kd8 49.Rg7 Rb5
50.b7  1-0

[Event "WYCC Boys U14"]
[Site "Vung Tau City VIE"]
[Date "2008.10.29"]
[Round "10"]
[White "Bok,B"]
[Black "Baboyan,E"]
[Result "1-0"]
[WhiteElo "2265"]
[BlackElo "2170"]

1.e4 c5 2.Nf3 Nc6 3.Bb5 g6 4.O-O Bg7 5.Re1 e5 6.b4 cxb4 7.a3 bxa3 8.Bxa3 Nge7
9.Bd6 O-O 10.Nc3 Re8 11.Bc4 a6 12.Qb1 Nd4 13.Nxe5 Ne6 14.Ng4 h5 15.Ne3 Bf8
16.e5 b6 17.Ne4 Bg7 18.Nd5 Nxd5 19.Bxd5 Ra7 20.Bb8 Rb7 21.Bxb7 Bxb7 22.Bd6 Qh4
23.f3 b5 24.Qb3 Qf4 25.Qe3 Qh4 26.c3 g5 27.Ng3 g4 28.Nf5 Qd8 29.fxg4 hxg4
30.Rf1 Qg5 31.Qxg5 Nxg5 32.Rf4 Ne6 33.Rxg4 Kh7 34.Rf1 Bd5 35.Ne3 Bb3 36.Rxf7  1-0

[Event "Grand Prix CCAS"]
[Site "Cap D'Agde FRA"]
[Date "2008.10.30"]
[Round "7"]
[White "Boudre,JP"]
[Black "Calistri,T"]
[Result "1/2-1/2"]
[WhiteElo "2324"]
[BlackElo "2361"]

1.e4 c5 2.Nf3 Nc6 3.Bb5 g6 4.O-O Bg7 5.Re1 e5 6.Bxc6 dxc6 7.d3 Qe7 8.Nbd2 Nf6
9.Nc4 Nd7 10.a4 Nf8 11.h3 f6 12.a5 Ne6 13.Bd2 O-O 14.Qb1 Nd4 15.Nxd4 cxd4
16.Qa2 Be6 17.Qa3 Qd7 18.Kh2 Rfd8 19.b3 Bf8 20.Qc1 g5 21.Qd1 Kg7 22.Qe2 Bd6
23.Nxd6 Qxd6 24.g3 h5 25.f4 exf4 26.gxf4 g4 27.e5 fxe5 28.Qxe5+ Qxe5 29.Rxe5 Kf7
30.Rae1 Re8 31.Rxh5 Rh8 32.Ree5 gxh3 33.Bb4 b6 34.Bd6 c5 35.Bc7 Rxh5 36.Rxh5 Rg8
37.Rg5 Rxg5 38.fxg5 b5 39.a6 c4 40.bxc4 bxc4 41.Bb8 cxd3  1/2-1/2

[Event "TCh-CHN Torch Real Estate Cup"]
[Site "Jiangsu Wuxi CHN"]
[Date "2008.10.30"]
[Round "12"]
[White "Qin Kanying"]
[Black "Kuang Yinghui"]
[Result "1-0"]
[WhiteElo "2465"]
[BlackElo "2264"]

1.e4 c5 2.Nf3 Nc6 3.Bb5 g6 4.O-O Bg7 5.c3 Nf6 6.e5 Nd5 7.d4 cxd4 8.cxd4 O-O
9.Nc3 Nxc3 10.bxc3 d6 11.exd6 Qxd6 12.a4 Qc7 13.Ba3 Rd8 14.Re1 e6 15.Ng5 Ne7
16.Qb3 Nd5 17.Ne4 b6 18.c4 Nf4 19.d5 Bxa1 20.Rxa1 Ne2+ 21.Kf1 Nd4 22.Qc3 e5
23.d6 Qb7 24.Qe3 Bh3 25.gxh3 f5 26.Nf6+ Kh8 27.Nd5 Qg7 28.Bb2 a6 29.Rd1 axb5
30.Rxd4  1-0

[Event "TCh-CHN Torch Real Estate Cup"]
[Site "Jiangsu Wuxi CHN"]
[Date "2008.10.30"]
[Round "12"]
[White "Zhang Zhong"]
[Black "Li Shilong"]
[Result "0-1"]
[WhiteElo "2613"]
[BlackElo "2512"]

1.e4 c5 2.Nf3 Nc6 3.Bb5 e6 4.O-O Nge7 5.Re1 a6 6.Bxc6 Nxc6 7.d4 cxd4 8.Nxd4 d6
9.Nxc6 bxc6 10.Qg4 Qf6 11.e5 Qg6 12.Qc4 Bb7 13.exd6 Bxd6 14.Nd2 O-O 15.Ne4 c5
16.f3 Be7 17.Bf4 Rad8 18.c3 h5 19.Rad1 Rd5 20.Qb3 Rxd1 21.Qxd1 Rd8 22.Qb3 Bxe4
23.Rxe4 Bg5 24.Bg3 Rd2 25.Kf1 Bf4 26.Ke1 Bh6 27.Kf1 h4 28.Bf2 h3 29.gxh3 Qf5
30.Qb8+ Kh7 31.Kg2 Qd5 32.Qe5 Qxa2 33.Re2 Rd5 34.Qe4+ g6 35.b4 Rg5+ 36.Bg3 Qa1
37.Qc4 cxb4 38.cxb4 Rf5 39.Ra2 Qb1 40.Qxa6 Be3 41.h4 Qg1+ 42.Kh3 Rxf3 43.Ra1 Bc1
44.Qe2 Rc3 45.h5 g5 46.Ra2 Bf4 47.Qg2 Qb1 48.Qb2 Qf5+ 49.Kg2 Qd5+ 50.Kh3 g4+  0-1

[Event "WYCC Girls U16"]
[Site "Vung Tau City VIE"]
[Date "2008.10.30"]
[Round "11"]
[White "Wunderl,E"]
[Black "Wang Hsin Jung"]
[Result "1/2-1/2"]
[WhiteElo "1831"]
[BlackElo "1724"]

1.e4 c5 2.Nf3 Nc6 3.Bb5 Nf6 4.Nc3 g6 5.O-O Bg7 6.Re1 O-O 7.d4 cxd4 8.Nxd4 a6
9.Bxc6 dxc6 10.Be3 Qc7 11.h3 Rd8 12.Qf3 Qe5 13.Rad1 Be6 14.Bf4 Qc5 15.Nxe6 fxe6
16.Qe3 Qxe3 17.Bxe3 Kf7 18.Bb6 Rxd1 19.Rxd1 Rc8 20.Bc5 Rc7 21.f3 Rd7 22.Kf2 Rxd1
23.Nxd1 Nd7 24.Be3 Ne5 25.b3 Nd7  1/2-1/2

[Event "WYCC Boys U14"]
[Site "Vung Tau City VIE"]
[Date "2008.10.30"]
[Round "11"]
[White "Van Kampen,R"]
[Black "Swiercz,D"]
[Result "1/2-1/2"]
[WhiteElo "2307"]
[BlackElo "2478"]

1.e4 c5 2.Nf3 Nc6 3.Bb5 e6 4.Nc3 Nge7 5.O-O a6 6.Bxc6 Nxc6 7.d4 cxd4 8.Nxd4 Be7
9.Re1 O-O 10.Be3 d6 11.Nxc6 bxc6 12.Na4 Rb8 13.c4 e5 14.b3 f5 15.exf5 Bxf5
16.Qd2 Qe8 17.Bg5 Bxg5 18.Qxg5 h6 19.Qd2 Qg6 20.Re3 Rbd8 21.Rae1 Kh8 22.Nc3 Qg5
23.Qe2 Qh4 24.Rg3 Qf6 25.Re3 a5 26.h3 d5 27.cxd5 cxd5 28.Rxe5 Be4 29.Rxe4 dxe4
30.Nxe4 Qf5 31.f3 Rc8 32.Rd1 Rfd8 33.Rxd8+ Rxd8 34.Kf2 Qe5 35.Kg1 Qf4 36.Kf2 Rc8
37.Qd3 Qh4+ 38.Ke2 Rc1 39.Nf2 Qg5 40.g4 Ra1 41.Qc2 Qc1 42.Qxc1 Rxc1 43.Nd3 Rc2+
44.Ke3 Rxa2 45.h4 g6 46.Kd4 Kg7 47.Nc5 Rh2 48.Nb7 Rxh4 49.Nxa5 h5 50.b4 hxg4
51.fxg4 Rxg4+ 52.Kc5 Rg1 53.b5 Rb1 54.Nc4 g5 55.b6 Kf6 56.Kc6 Rc1 57.Kd5 Rb1
58.Kc6 Rc1 59.Kd5 Rd1+ 60.Kc6 Rc1  1/2-1/2

[Event "WYCC Boys U18"]
[Site "Vung Tau City VIE"]
[Date "2008.10.30"]
[Round "11"]
[White "Tran Manh Tien"]
[Black "Chirila,I"]
[Result "0-1"]
[WhiteElo "2159"]
[BlackElo "2462"]

1.e4 c5 2.Nf3 Nc6 3.Bb5 e6 4.b3 Nge7 5.Bb2 Ng6 6.O-O f6 7.Re1 Be7 8.h4 O-O
9.Bxc6 bxc6 10.Nc3 e5 11.Ne2 d5 12.d3 Bg4 13.Nh2 Bc8 14.h5 Nh8 15.Ng3 Nf7
16.Qe2 Ng5 17.Ng4 Ne6 18.Ne3 Nf4 19.Qf3 d4 20.Ng4 Be6 21.Bc1 Qd7 22.Nh2 Bd6
23.Ne2 Nxe2+ 24.Qxe2 Rae8 25.g4 g6 26.Bh6 Rf7 27.Kh1 g5 28.f3 Bc7 29.Nf1 Ba5
30.Red1 Qd6 31.Ng3 c4 32.dxc4 Bc3 33.Rab1 Qa3 34.Qd3 Rd7 35.Ne2 Red8 36.Rg1 Bb4
37.Nc1 a5 38.Qe2 Bc3 39.Nd3 Qxa2 40.f4 exf4 41.e5 Re8 42.exf6 Bd5+  0-1

[Event "TCh-NED 2008-9"]
[Site "Netherlands NED"]
[Date "2008.11.01"]
[Round "2"]
[White "Orlov,And"]
[Black "Ikonnikov,Vy"]
[Result "1/2-1/2"]
[WhiteElo "2501"]
[BlackElo "2592"]

1.e4 c5 2.Nf3 Nc6 3.Bb5 g6 4.O-O Bg7 5.Re1 Nd4 6.Bf1 e6 7.c3 Nxf3+ 8.Qxf3 Ne7
9.Na3 O-O 10.d3 Nc6 11.Be3 d6 12.Qd1 e5 13.Nc2 f5 14.f3 Qf6 15.b4 cxb4 16.Nxb4 Nxb4
17.Qb3+ Kh8 18.Qxb4 f4 19.Bf2 g5 20.d4 b6 21.a4 g4 22.fxg4 Bxg4 23.a5 Rab8
24.axb6 axb6 25.Ra6 Qg6 26.Kh1 f3 27.g3 Qh6 28.Rxb6 Rxb6 29.Qxb6 Bh3 30.d5 Bxf1
31.Rxf1 Qh3 32.Rg1 Qg4 33.Re1 Qh3 34.Rg1 Qg4 35.Re1  1/2-1/2

[Event "TCh-BEL 2008-9"]
[Site "Belgium BEL"]
[Date "2008.11.02"]
[Round "3"]
[White "Vandenbussche,T"]
[Black "Sunnerberg,C"]
[Result "1-0"]
[WhiteElo "2285"]
[BlackElo "2067"]

1.e4 c5 2.Nf3 Nc6 3.Bb5 g6 4.Bxc6 dxc6 5.d3 Bg7 6.h3 e5 7.Be3 Qd6 8.Qd2 Ne7
9.Bh6 O-O 10.Nc3 f6 11.O-O-O Be6 12.Kb1 a5 13.Nh4 a4 14.g4 b5 15.Rdg1 Bf7
16.Nf5 Nxf5 17.gxf5 b4 18.Bxg7 Kxg7 19.Nd1 c4 20.fxg6 hxg6 21.Ne3 Be6 22.Nf5+ Bxf5
23.exf5 cxd3 24.Rxg6+ Kf7 25.Qxd3 Qxd3 26.cxd3 Rg8 27.Rhg1 Rxg6 28.fxg6+ Kg7
29.h4 Rh8 30.Rg4 c5 31.a3 f5 32.Rc4 Kxg6 33.axb4 cxb4 34.Rxb4 f4 35.Rxa4 Rxh4
36.Re4 Kf5 37.b4 Ke6 38.Kb2 Rh2 39.Re2 Kd5 40.Kc3 Rh8 41.b5 Re8 42.Kb4 Kd4
43.f3 Kd5 44.Rc2 Kd4 45.Re2 Kd5 46.Re4 Rh8 47.Rc4 Rb8 48.Rc7 Kd4 49.Re7 Ke3
50.Rxe5+ Kxf3 51.d4 Kg3 52.d5 f3 53.Rf5 f2 54.d6 Re8 55.Rxf2 Kxf2 56.Kc5 Ke3
57.d7 Rd8 58.Kc6 Kd4 59.b6 Ke5 60.Kc7  1-0

[Event "ch-BRA s/f"]
[Site "Dois Irmaos BRA"]
[Date "2008.11.02"]
[Round "7"]
[White "Veit,D"]
[Black "Lucena,L"]
[Result "1-0"]
[WhiteElo "2123"]
[BlackElo "2239"]

1.e4 c5 2.Nf3 Nc6 3.Bb5 Na5 4.c3 a6 5.Ba4 b5 6.Bc2 c4 7.O-O Bb7 8.Re1 d6
9.d4 cxd3 10.Qxd3 e6 11.Nbd2 Nc6 12.Nf1 Nf6 13.Bf4 Nh5 14.Be3 Be7 15.Rad1 Qc7
16.Qe2 Nf6 17.Ng3 h6 18.Bd4 Ne5 19.Nxe5 dxe5 20.Be3 g6 21.f3 h5 22.Qf2 h4
23.Nf1 Rc8 24.Bb3 Nh5 25.Re2 Nf4 26.Red2 g5 27.h3 Qc6 28.Nh2 a5 29.Ng4 f6
30.a3 Ba6 31.Nxf6+ Bxf6 32.Rd6 Qa8 33.Bxf4 gxf4 34.Rxe6+ Be7 35.Qb6 Qb7 36.Qxa6 Qxa6
37.Rxa6 a4 38.Bd5 Kf8 39.Kf1 Kg7 40.Be6 Rc7 41.Rb6 Rh6 42.Rd5 Bc5 43.Rxb5 Rxe6
44.Rdxc5 Rxc5 45.Rxc5 Rb6 46.Rxe5 Rxb2 47.Ra5 Rb3 48.Rxa4 Rxc3 49.Ra5 Rc1+
50.Kf2 Rc2+ 51.Kg1 Kg6 52.Rf5 Rc1+ 53.Kh2 Ra1 54.Rxf4 Kg5 55.Rf5+ Kg6 56.Ra5 Kh6
57.Ra8 Kg5 58.a4  1-0